000 002380000a22000970004500
100 1 _aEdwards, Jonathan (1703-1758)
245 1 0 _aExperience that counts
300 _aVol. 9, Núm 3 (1991), Páginas 14-16
773 0 _tEvangel
942 _cANA
999 _c54263
_d54263